Score 0/28 Timer 05:00
2 Plays Today
Thing Z/M % Correct
Countries with a non-rectangular flag???
86.9%
Openly Catholic US presidents???
86.4%
Marriages that Hugh Hefner has had???
83.7%
Living 'Golden Girls'???
80.2%
Female Japanese prime ministers???
75.9%
Sporcle games with over 8 million plays???
74.8%
Points obtained by using a blank tile in Scrabble???
73.6%
Combined single game NFL score above 110 points???
73%
Things Meatloaf won't do for love???
70.6%
Periodic table elements hidden in the sentence below???
70.1%
Dragons slain in 'The Hobbit'???
66.8%
English words ending with the bigram 'mt'???
66.5%
Latin American countries hidden in the sentence above???
65%
Countries that start with the letter 'W'???
62.2%
Thing Z/M % Correct
Lines spoken by Link in Ocarina of Time???
61%
Shakespearean tragedies with surviving title characters???
60.3%
Perfect games pitched by Babe Ruth???
58.4%
Federal holidays in April???
58%
Weird Al songs in Billboard Top 10???
57%
Original 12 disciples of Jesus not at the last supper???
51.5%
Prime numbers with 2 positive divisors???
51.3%
Children of Shaker leader Lucy Wright???
50.6%
Dashes in the morse code representation of 's'???
48.3%
Best Actor Academy Awards won by Nicolas Cage???
48%
Synthetic elements below atomic number 82???
46%
Crayola crayons with four words in their name???
45.5%
Halloweens on Friday the 13th this millennium???
45.1%
Pixar movies grossing less than $100 million???
38.2%

You're not logged in!

Compare scores with friends on all Sporcle quizzes.
OR
Log In

Sporcle TV

Today on Sporcle TV


Watch our educational content, quiz creation guides, and fun videos on Sporcle TV.

Show Comments

Extras

Top Quizzes Today


Score Distribution

Paid Content

Your Account Isn't Verified!

In order to create a playlist on Sporcle, you need to verify the email address you used during registration. Go to your Sporcle Settings to finish the process.

Report this User

Report this user for behavior that violates our Community Guidelines.

Details: